ბათუმის შოთა რუსთაველის სახელმწიფო უნივერსიტეტის ბიბლიოთეკა

Ateisimo y Religiosidad / (ბიბ.ჩანაწერი № 36897)

000 -LEADER
fixed length control field 00475nam a2200193Ia 4500
001 - CONTROL NUMBER
control field 2848
003 - CONTROL NUMBER IDENTIFIER
control field GE_BSU
005 - DATE AND TIME OF LATEST TRANSACTION
control field 20190611145205.0
008 - FIXED-LENGTH DATA ELEMENTS--GENERAL INFORMATION
fixed length control field 181216s2005||||enk|||||||||||||| ||enk||
020 ## - INTERNATIONAL STANDARD BOOK NUMBER
International Standard Book Number 9509402354-x
040 ## - CATALOGING SOURCE
Transcribing agency GE_BSU
080 ## - UNIVERSAL DECIMAL CLASSIFICATION NUMBER
Universal Decimal Classification number 2(44) B-84
100 ## - MAIN ENTRY--PERSONAL NAME
Personal name Brankel, Jürgen
9 (RLIN) 2400
245 ## - TITLE STATEMENT
Title Ateisimo y Religiosidad /
Statement of responsibility, etc. Jürgen Brankel.
264 ## - PRODUCTION, PUBLICATION, DISTRIBUTION, MANUFACTURE, AND COPYRIGHT NOTICE
Place of production, publication, distribution, manufacture Viena,
Date of production, publication, distribution, manufacture, or copyright notice 2005.
300 ## - PHYSICAL DESCRIPTION
Extent 78 p.
Other physical details 20см.
653 ## - INDEX TERM--UNCONTROLLED
keyword რელიგია
942 ## - ADDED ENTRY ELEMENTS (KOHA)
Koha item type წიგნი
Source of classification or shelving scheme

არაა ხელმისაწვდომი ეგზემპლარები.